Spanish cities-US - Statistics

General Stats
  • This quiz has been taken 32 times
  • The average score is 21 of 40
Answer Stats
Translation State City % Correct
5) The Angels California Los Angeles
100%
13) Sacrament California Sacramento
97%
2) Saint Francis California San Francisco
97%
8) Saint Anthony Texas San Antonio
93%
1) Holy Faith New Mexico Santa Fe
93%
3) The Pass Texas El Paso
90%
6) Table Arizona Mesa
90%
12) Yellow Texas Amarillo
86%
17) Saint Joseph California San Jose
86%
34) Saint Anne California Santa Ana
83%
9) The Crosses New Mexico Las Cruces
79%
11) Town, Village Colorado Pueblo
76%
32) Big River Texas Rio Grande
76%
7) Saint James California San Diego
69%
10) The Meadows Nevada Las Vegas
66%
25) Good View California Buena Vista
55%
28) Big House Arizona Casa Grande
52%
39) The Cats California Los Gatos
52%
26) Flag Texas Bandera
48%
27) Mouse Mouth Florida Boca Raton
48%
4) Flatland Texas Plano
48%
33) Saint Mark Texas San Marcos
48%
40) Holy Cross California Santa Cruz
48%
14) Saint Angela Texas San Angelo
45%
23) Saint Joachim California San Joaquin
45%
15) Black Base Arizona Tucson
38%
30) Wood California Madera
31%
35) St Louis of Toulouse California San Luis Obispo
31%
36) Exit Colorado Salida
28%
18) Smoke Arizona Yuma
28%
21) Ash Tree California Fresno
24%
38) Mercy California Merced
24%
20) Kings Mountain California Monterrey
21%
19) Tall Trees California Palo Alto
17%
22) The Poplars New Mexico Los Alamos
10%
31) Fat Tip/Point Florida Punta Gorda
10%
24) Fat Cottonwood New Mexico Alamogordo
7%
29) Beautiful View California Chula Vista
7%
16) Walnut trees Arizona Nogales
7%
37) Fort/Penitentiary Texas Presidio
0%
No matching quizzes found
Score Distribution
Percent of People with Each Score
Percentile by Number Answered
Your Score History
You have not taken this quiz